000 00834nam a22002297a 4500
001 6243
003 FISKH
005 20250404091927.0
008 250404b cb ||||| |||| 00| 0 eng d
020 _a9780545683678
040 _aFISKH
_beng
_cFISKH
_dFISKH
050 _aQC863.5 .C28
082 _a551.6
100 _aCallery, Sean
245 _aThe magic school bus presents wild weather:
_bA nonfiction companion to the original magic school bus series /
260 _aNew York :
_bScholastic,
_c2014.
300 _a32 pages :
_bcolor illustrations ;
_c22 x 26 cm
520 _aMs. Fizzle and her class head into the clouds to explore weather, including hurricanes, tornadoes, snowstorms, lightning, and weather forecasting.
650 _aField Trip
_vEarth Science
_xEnvironment
942 _2ddc
_cBK
_n0
999 _c6243
_d6243